000 00454nam a22001817a 4500
999 _c331052
_d331052
003 NUST
005 20200930101905.0
008 170830b xxu||||| |||| 00| 0 eng d
020 _a1876633573
038 _aAZHAR
040 _c0
082 _a375 SMI
100 _4David L. Smith & Terence J. Lovat
245 _aCurriculum : action on reflection
260 _aAustralia
_bThomson social science press
_c2006
300 _a282p
942 _2ddc
_cBK